书目信息 |
| 题名: |
中华人民共和国条约集
|
|
| 作者: | ;中华人民共和国外交部 编 | |
| 分册: | 第24集 | |
| 出版信息: | 北京 世界知识出版社 1983 |
|
| 页数: | 177页 | |
| 开本: | 20cm | |
| 丛书名: | ||
| 单 册: | ||
| 中图分类: | D826 | |
| 科图分类: | ||
| 主题词: | 中外关系-条约--1977--选集 , 条约-中外关系--1977--选集 | |
| 电子资源: | ||
| ISBN: | ||
| 000 | 00765nam0 2200229 45 | |
| 001 | 0183004440 | |
| 005 | 20060622155210.42 | |
| 010 | @b精装@dCNY1.45 | |
| 091 | @a3003.1649 | |
| 100 | @a19960215d1983 em y0chiy0121 ea | |
| 101 | 0 | @achi |
| 102 | @aCN@b110000 | |
| 105 | @ay z 000yy | |
| 200 | 10 | @a中华人民共和国条约集@Azhong hua ren min gong he guo tiao yue ji@h第24集@h1977@f中华人民共和国外交部编@Fzhong hua ren min gong he guo wai jiao bu bian |
| 210 | @a北京@c世界知识出版社@d1983 | |
| 215 | @a177页@d20cm | |
| 606 | @a中外关系-条约@z1977@x选集 | |
| 606 | @a条约-中外关系@z1977@x选集 | |
| 690 | @aD826@v3 | |
| 711 | 0 | @a中华人民共和国外交部@Azhong hua ren min gong he guo wai jiao bu@4编 |
| 801 | 0 | @aCN@bNLC@c20060622 |
| 905 | @f1@b93136@dD826@e2:24 | |
| 中华人民共和国条约集.第24集.1977/中华人民共和国外交部编.-北京:世界知识出版社,1983 |
| 177页;20cm |
| ISBN (精装):CNY1.45 |
| ● |
| 相关链接 |
|
|
|
|
正题名:中华人民共和国条约集
索取号:D826/2:24
 
预约/预借
| 序号 | 登录号 | 条形码 | 馆藏地/架位号 | 状态 | 备注 |
| 1 | 0093136 | 001025198 | 第一样本阅览室/ [索取号:D826/2:24] | 在馆 | |
| 2 | 0093137 | 001721417 | 密集书库/ [索取号:D826/2:24] | 在馆 | |
| 3 | 0421178 | 204211780 | 密集书库/ [索取号:D826/2:24] | 在馆 | |
| 4 | 0421179 | 204211799 | 密集书库/ [索取号:D826/2:24] | 在馆 |